• 首页
  • 本馆介绍
  • 公告通知
  • 最新文献
  • 馆藏检索
  • 电子资源
  • 读者导购
  • 参考咨询
  • 我的图书馆
  • 登录
  • 详细信息显示
  • 放入我的书架
  • 预约/预借图书
  • 作者相关作品
  • 分类相关作品
  • 丛书相关作品
  • 出版社相关作品

书目信息

  • 表格格式
  • 工作单格式
  • 卡片格式
题名:
计算机组成与设计
    
 
作者: 帕特森 , 亨尼斯 著 ;陈微 译
分册:  
出版信息: 北京   机械工业出版社  2020.04
页数: 20, 501页
开本: 26cm
丛书名: 计算机科学丛书
单 册:
中图分类: TP303
科图分类:
主题词: 计算机体系结构--ji suan ji ti xi jie gou
电子资源:
ISBN: 978-7-111-60894-3
000 01408nam 2200289 450
001 0109110157
005 20201109110337.0
010    @a978-7-111-60894-3@dCNY139.00
100    @a20190109d2020 em y0chiy50 ea
101 1  @achi@ceng
102    @aCN@b110000
105    @aa z 001yy
106    @ar
200 1  @a计算机组成与设计@Aji suan ji zu cheng yu she ji@dComputer organization and design@e硬件/软件接口@eARM版@ethe hardware/software interface@eARM editiona@f(美)戴维·A. 帕特森(David A. Patterson), (美)约翰·L. 亨尼斯(John L. Hennessy)著@g陈微译@zeng
210    @a北京@c机械工业出版社@d2020.04
215    @a20, 501页@c图@d26cm
225 2  @a计算机科学丛书@Aji suan ji ke xue cong shu
330    @a本书采用ARMv8体系结构,讲解硬件技术、汇编语言、计算机算术运算、流水线、存储器层次结构以及I/O的基本原理。新内容涵盖平板电脑、云基础设施、ARM(移动计算设备)以及x86(云计算)体系结构,新实例包括IntelCorei7、ARMCortex-A53以及NVIDIAFermiGPU。
461  0 @12001 @a计算机科学丛书
510 1  @aComputer organization and design@ethe hardware/software interface@eARM editiona@zeng
606 0  @a计算机体系结构@Aji suan ji ti xi jie gou
690    @aTP303@v5
701  0 @a帕特森@Apa te sen@4著@c(美)@c(Patterson, David A.)
701  0 @a亨尼斯@Aheng ni si@4著@c(美)@c(Hennessy, John L.)
702  0 @a陈微@Achen wei@4译@c(女)
801  0 @aCN@bBJSZM@c20201103
905    @b1240159-61@dTP303@e1146@f3
    
    计算机组成与设计=Computer organization and design:硬件/软件接口:ARM版:the hardware/software interface:ARM editiona/(美)戴维·A. 帕特森(David A. Patterson), (美)约翰·L. 亨尼斯(John L. Hennessy)著/陈微译.-北京:机械工业出版社,2020.04
    20, 501页:图;26cm.-(计算机科学丛书)
    
    
    ISBN 978-7-111-60894-3:CNY139.00
    本书采用ARMv8体系结构,讲解硬件技术、汇编语言、计算机算术运算、流水线、存储器层次结构以及I/O的基本原理。新内容涵盖平板电脑、云基础设施、ARM(移动计算设备)以及x86(云计算)体系结构,新实例包括IntelCorei7、ARMCortex-A53以及NVIDIAFermiGPU。
●
相关链接 在E读中查询图书 在五车中查询图书 在当当中查询图书 在豆瓣中查询图书


正题名:计算机组成与设计     索取号:TP303/1146         预约/预借

序号 登录号 条形码 馆藏地/架位号 状态 备注
1 1240159   212401596   第二样本阅览室/ [索取号:TP303/1146] 在馆    
2 1240160   212401603   第三借阅区/ [索取号:TP303/1146] 在馆    
3 1240161   212401612   第三借阅区/ [索取号:TP303/1146] 在馆    
唐山师范学院图书馆 欢迎您!
大连网信软件有限公司© 版权所有